Operationalising sustainable development : (Record no. 3785)

000 -LEADER
fixed length control field 01623cam a22003614a 4500
001 - CONTROL NUMBER
control field 4520929
003 - CONTROL NUMBER IDENTIFIER
control field Nust
005 - DATE AND TIME OF LATEST TRANSACTION
control field 20180117090013.0
008 - FIXED-LENGTH DATA ELEMENTS--GENERAL INFORMATION
fixed length control field 990120s1999 ii b 001 0 eng
010 ## - LIBRARY OF CONGRESS CONTROL NUMBER
LC control number 99017243
020 ## - INTERNATIONAL STANDARD BOOK NUMBER
International Standard Book Number 0761993304 (cloth)
040 ## - CATALOGING SOURCE
Original cataloging agency DLC
Transcribing agency DLC
Modifying agency DLC
042 ## - AUTHENTICATION CODE
Authentication code pcc
043 ## - GEOGRAPHIC AREA CODE
Geographic area code d------
050 00 - LIBRARY OF CONGRESS CALL NUMBER
Classification number HC59.72.E5
Item number C48 1999
082 00 - DEWEY DECIMAL CLASSIFICATION NUMBER
Classification number 338.9/009172/4
Edition number 21
100 1# - MAIN ENTRY--PERSONAL NAME
Personal name Chopra, Kanchan Ratna.
245 10 - TITLE STATEMENT
Title Operationalising sustainable development :
Remainder of title economic-ecological modelling for developing countries /
Statement of responsibility, etc. Kanchan Chopra, Gopal K. Kadekodi in collaboration with Alison Gilbert ... [et al.].
260 ## - PUBLICATION, DISTRIBUTION, ETC.
Place of publication, distribution, etc. New Delhi ;
-- Thousand Oaks, Calif. :
Name of publisher, distributor, etc. Sage,
Date of publication, distribution, etc. 1999.
300 ## - PHYSICAL DESCRIPTION
Extent 301 p. ;
Other physical details ill. ;
Dimensions 23 cm.
440 #0 - SERIES STATEMENT/ADDED ENTRY--TITLE
Title Indo-Dutch studies on development alternatives ;
Volume/sequential designation 22
504 ## - BIBLIOGRAPHY, ETC. NOTE
Bibliography, etc. note Includes bibliographical references and index.
650 #0 - SUBJECT ADDED ENTRY--TOPICAL TERM
Topical term or geographic name entry element Sustainable development
Geographic subdivision Developing countries
General subdivision Mathematical models.
650 #0 - SUBJECT ADDED ENTRY--TOPICAL TERM
Topical term or geographic name entry element Environmental policy
Geographic subdivision Developing countries
General subdivision Mathematical models.
700 1# - ADDED ENTRY--PERSONAL NAME
Personal name Kadekodi, Gopal K.
856 42 - ELECTRONIC LOCATION AND ACCESS
Materials specified Publisher description
Uniform Resource Identifier <a href="http://www.loc.gov/catdir/enhancements/fy0657/99017243-d.html">http://www.loc.gov/catdir/enhancements/fy0657/99017243-d.html</a>
856 41 - ELECTRONIC LOCATION AND ACCESS
Materials specified Table of contents only
Uniform Resource Identifier <a href="http://www.loc.gov/catdir/enhancements/fy0657/99017243-t.html">http://www.loc.gov/catdir/enhancements/fy0657/99017243-t.html</a>
906 ## - LOCAL DATA ELEMENT F, LDF (RLIN)
a 7
b cbc
c orignew
d 1
e ocip
f 19
g y-gencatlg
942 ## - ADDED ENTRY ELEMENTS (KOHA)
Source of classification or shelving scheme
Koha item type Book
Holdings
Withdrawn status Lost status Source of classification or shelving scheme Damaged status Not for loan Collection code Permanent Location Current Location Shelving location Date acquired Total Checkouts Full call number Barcode Date last seen Price effective from Koha item type
            Central Library (CL) Central Library (CL) General Stacks 12/06/2016   338.9/009172/4 CHO S3H-N-1218 12/06/2016 12/06/2016 Book
© 2023 Central Library, National University of Sciences and Technology. All Rights Reserved.